书目信息 |
| 题名: |
白朗宁夫人抒情十四行诗集
|
|
| 作者: | 方平 译 | |
| 分册: | ||
| 出版信息: | 成都 四川人民出版社 1982.4 |
|
| 页数: | 190页 | |
| 开本: | 21cm | |
| 丛书名: | ||
| 单 册: | ||
| 中图分类: | I561.2 | |
| 科图分类: | ||
| 主题词: | 文学 | |
| 电子资源: | ||
| ISBN: | ||
| 000 | 00524nam0 2200181 45 | |
| 001 | 0181019356 | |
| 005 | 20060429151421.31 | |
| 010 | @dCNY0.59 | |
| 100 | @a20810111d km y0chiy0120 ea | |
| 101 | 0 | @achi |
| 200 | 1 | @a白朗宁夫人抒情十四行诗集@Abai lang ning fu ren shu qing shi si xing shi ji@f方平译@Ffang ping yi |
| 210 | @a成都@c四川人民出版社@d1982.4 | |
| 215 | @a190页@c照片@d21cm | |
| 606 | 0 | @a文学 |
| 690 | @aI561.2 | |
| 701 | 0 | @a方平@Afang ping@4译 |
| 801 | @aCN@bTSTC@c20060429 | |
| 905 | @dI561.2@e30@f5@b75096-100 | |
| 白朗宁夫人抒情十四行诗集/方平译.-成都:四川人民出版社,1982.4 |
| 190页:照片;21cm |
| ISBN :CNY0.59 |
| ● |
| 相关链接 |
|
|
|
|
正题名:白朗宁夫人抒情十四行诗集
索取号:I561.2/30
 
预约/预借
| 序号 | 登录号 | 条形码 | 馆藏地/架位号 | 状态 | 备注 |
| 1 | 0075099 | 202243036 | 密集书库/ [索取号:I561.2/30] | 在馆 | |
| 2 | 0100517 | 202305095 | 密集书库/ [索取号:I561.2/30] | 在馆 | |
| 3 | 0100519 | 202305371 | 密集书库/ [索取号:I561.2/30] | 在馆 | |
| 4 | 0100521 | 202243072 | 密集书库/ [索取号:I561.2/30] | 在馆 | |
| 5 | 0160225 | 202305086 | 密集书库/ [索取号:I561.2/30] | 在馆 | |
| 6 | 0160226 | 202305059 | 密集书库/ [索取号:I561.2/30] | 在馆 |